Statistics for The 21st Century in Asia

Click here to take the quiz!

General Stats

  • This quiz has been taken 26 times
    (2 since last reset)
  • The average score is 12 of 20

Answer Stats

YearWhat happened?Answer% Correct
2020The first coronavirus-related death happens in this Central Chinese cityWuhan
100%
2019Nursultan Nazarbayev, leader of this country, resigns after 29 yearsKazakhstan
100%
2002The FIFA World Cup is held in two countries. Name one of themJapan or South Korea
100%
2003This capital is invaded by American troopsBaghdad
100%
2004This natural disaster kills more than 220,000 people all around the Indian OceanBoxing Day Tsunami
100%
2006This country tests nuclear weapons for the first timeNorth Korea
100%
2001This city, then officially entitled Calcutta, restores nameKolkata
100%
2018The removal of term limits allows this Chinese president to rule indefinitelyXi Jinping
100%
2014This airline mourns the death of 510 passengers in two different incidents{Malaysian} Airlines
50%
2009This Sri Lankan militant organisation ceases to existTamil {Tigers}
50%
2007This Pakistani Prime Minister is assassinated in RawalpindiBenazir Bhutto
50%
2015Tensions between Houthis and the government lead to this warYemeni Civil War
50%
2016An failed coup d'état in Turkey leads to a strengthened position of this presidentRecep Tayyip Erdoğan
50%
2017These Muslim people from Myanmar suffer from persecutionRohingya
50%
2010This building, with a height of 828 m, is opened in DubaiBurj Khalifa
50%
2013The Ghouta attack becomes one of the deadliest attacks in this brutal warSyrian Civil War
0%
2012This Tokyo observation tower is inauguratedTokyo {Skytree}
0%
2011UNESCO affiliates this countryState of Palestine
0%
2008This country abolishes absolute monarchy and becomes a democracyBhutan
0%
2005The Tulip Revolution happens in this countryKyrgyzstan
0%

Score Distribution

Percentile by Number Answered

Percent of People with Each Score

Your Score History

You have not taken this quiz since the last reset